Ces featurings ont-ils existé ? Mort Subite - Statistiques

Statistiques générales
  • Ce quiz a été pris 440 fois
  • Le résultat moyen est 8 sur 20
Answers on the Grid
Answers color-coded by a green-red scale on the quiz's grid according to % correct below.
Daft Punk
Pharell Williams
Queen
David Bowie
Maroon 5
DJ Snake
Angèle
Damso
Coldplay
BTS
Maneskin
Eros Ramazzotti
Black Eyed Peas
Michael Jackson
Jay-Z
Eminem
Diam's
Vitaa
Dua Lipa
Elton John
Renaud
Jean-Jacques Goldman
Orelsan
Stromae
Calogero
Louane
Imagine Dragons
Avicii
David Guetta
Sia
Aya Nakamura
SCH
Taylor Swift
Post Malone
Bruce Springsteen
Prince
IAM
Beyoncé
Florent Pagny
Johnny Hallyday
Ariana Grande
Kendji Girac
The Weeknd
Ed Sheeran
GIMS
Sting
W. A. Mozart
L. van Beethoven
Elvis Presley
Bob Dylan
The Rolling Stones
Lady Gaga
Garou
Céline Dion
Black M
Shakira
Zazie
Whitney Huston
Flo Rida
TAL
Stevie Wonder
Indochine
AC/DC
50 Cent
 
Statistiques - réponses
Réponse % Correct
Silence (2018)
Démons (2021)
Tout Tenter (2024)
Angèle
Damso
84%
Lose Yourself to Dance (2013)
Get Lucky (2013)
Daft Punk
Pharell Williams
83%
Confessions nocturnes (2006) Diam's
Vitaa
74%
Titanium (2012)
She Wolf (2012)
David Guetta
Sia
54%
La pluie (2017) Orelsan
Stromae
52%
Sous le vent (2000) Garou
Céline Dion
50%
Under Pressure (1982) Queen
David Bowie
45%
Cold Heart (2021) Dua Lipa
Elton John
44%
One Last Time (Attends-Moi) (2015)
Ariana Grande
Kendji Girac
42%
My Universe (2021) Coldplay
BTS
36%
Renegade (2001) Jay-Z
Eminem
35%
Reste (2019) GIMS
Sting
33%
Danse (2014)
Flo Rida
TAL
29%
Comme moi (2017) Black M
Shakira
23%
Dark Times (2015) The Weeknd
Ed Sheeran
23%
Fortnight (2024) Taylor Swift
Post Malone
21%
Heart Upon My Sleeve (2019) Imagine Dragons
Avicii
15%
Jamais (1995) Florent Pagny
Johnny Hallyday
10%
Bienvenue (2003) IAM
Beyoncé
10%
Sweet Sounds Of Heaven (2023) The Rolling Stones
Lady Gaga
7%
Aucun quiz correspondant
Distribution des résultats
% des personnes avec chaque résultat
Percentile par nombre de réponses
Votre historique - résultats
Vous n’avez pas pris ce quiz